| 000 | 00481nam a2200169Ia 4500 | ||
|---|---|---|---|
| 999 |
_c22009 _d22009 |
||
| 003 | OSt | ||
| 005 | 20200319120242.0 | ||
| 008 | 190216s9999||||xx |||||||||||||| ||und|| | ||
| 040 | _coclc | ||
| 082 |
_a297 _bMOU/A |
||
| 100 |
_aMoulavi, Abdul Khadir _92079 |
||
| 245 | 0 |
_aAthowheed / _cAbdul Khadir Moulavi |
|
| 260 |
_bMujahideen Publications, _c1972. _aCochin: |
||
| 300 | _a223p | ||
| 650 | _aIslamic History | ||
| 942 |
_cBK _2ddc _h297 _iMOU/A _k297 _mMOU/A |
||